Gaming Quiz

Random Gaming or Pokémon Quiz

Pokémon Hidden Abilities (Gen. V) Quiz Stats

Quiz not verified by Sporcle

Challenge
Share
Tweet
Embed
Score 0/73 Timer 20:00
0 Plays Today
Pokémon Hidden Ability % Correct
Snivy, Servine, SerperiorContrary
100%
Tepig, PigniteThick Fat
100%
EmboarReckless
100%
Munna, MusharnaTelepathy
100%
DarmanitanZen Mode
100%
Minccino, CinccinoSkill Link
100%
AlomomolaRegenerator
100%
Klink, Klang, KlinklangClear Body
100%
DurantTruant
100%
Larvesta, VolcaronaSwarm
100%
Oshawott, Dewott, SamurottShell Armor
96.6%
Patrat, WatchogAnalytic
96.6%
Purrloin, LiepardPrankster
96.6%
Pansage, SimisageOvergrow
96.6%
Pansear, SimisearBlaze
96.6%
Panpour, SimipourTorrent
96.6%
Roggenrola, Boldore, GigalithSand Force
96.6%
Timburr, Gurdurr, ConkeldurrIron Fist
96.6%
Cottonee, WhimsicottChlorophyll
96.6%
Petilil, LilligantLeaf Guard
96.6%
Vanillite, Vanillish, VanilluxeWeak Armor
96.6%
EmolgaMotor Drive
96.6%
Litwick, Lampent, ChandelureInfiltrator
96.6%
CubchooRattled
96.6%
BearticSwift Swim
96.6%
AccelgorUnburden
96.6%
StunfiskSand Veil
96.6%
FerrothornAnticipation
93.3%
Blitzle, ZebstrikaSap Sipper
93.1%
AudinoKlutz
93.1%
Venipede, Whirlipede, ScolipedeSpeed Boost
93.1%
MaractusStorm Drain
93.1%
Dwebble, CrustleWeak Armor
93.1%
Scraggy, ScraftyIntimidate
93.1%
Gothita, Gothorita, GothitelleShadow Tag
93.1%
Joltik, GalvantulaSwarm
93.1%
Golett, GolurkNo Guard
93.1%
Pokémon Hidden Ability % Correct
BraviaryDefiant
93.1%
Woobat, SwoobatSimple
89.7%
Drilbur, ExcadrillMold Breaker
89.7%
Tympole, Palpitoad, SeismitoadWater Absorb
89.7%
Tirtouga, CarracostaSwift Swim
89.7%
Trubbish, GarbodorAftermath
89.7%
Deerling, SawsbuckSerene Grace
89.7%
KarrablastNo Guard
89.7%
Frillish, JellicentDamp
89.7%
Elgyem, BeheeyemAnalytic
89.7%
Pawniard, BisharpPressure
89.7%
HeatmorWhite Smoke
89.7%
Tornadus (Incarnate Forme)Defiant
89.7%
Thundurus (Incarnate Forme)Defiant
89.7%
Herdier, StoutlandScrappy
86.2%
Pidove, Tranquill, UnfezantRivalry
86.2%
Sewaddle, Swadloon, LeavannyOvercoat
86.2%
Solosis, Duosion, ReuniclusRegenerator
86.2%
Ducklett, SwannaHydration
86.2%
EscavalierOvercoat
86.2%
Foongus, AmoongussRegenerator
86.2%
Vullaby, MandibuzzWeak Armor
86.2%
Landorus (Incarnate Forme)Sheer Force
86.2%
LillipupRun Away
82.8%
Sandile, Krokorok, KrookodileAnger Point
82.8%
ShelmetOvercoat
82.8%
DruddigonMold Breaker
82.8%
RuffletHustle
82.8%
BasculinMold Breaker
79.3%
SigilyphTinted Lens
79.3%
Mienfoo, MienshaoReckless
79.3%
ThrohMold Breaker
75.9%
SawkMold Breaker
75.9%
DarumakaInner Focus
75.9%
Axew, Fraxure, HaxorusUnnerve
75.9%
BouffalantSoundproof
75.9%

You're not logged in!

Compare scores with friends on all Sporcle quizzes.
Sign Up with Email
OR
Log In

You Might Also Like...

Show Comments

Extras

Top Quizzes Today


Score Distribution

Your Account Isn't Verified!

In order to create a playlist on Sporcle, you need to verify the email address you used during registration. Go to your Sporcle Settings to finish the process.